|
|
|
|
| LEADER |
03641nas a2200733 i 4500 |
| 001 |
nkc20071712017 |
| 003 |
CZ PrNK |
| 005 |
20220112182917.0 |
| 007 |
ta |
| 008 |
070312c20059999xr ar 1 b0cze |
| 015 |
|
|
|a cnb001712017
|
| 035 |
|
|
|a (OCoLC)124092189
|
| 040 |
|
|
|a ABA001
|b cze
|d OLA001
|d BOA001
|e rda
|
| 041 |
0 |
|
|a cze
|a eng
|
| 072 |
|
7 |
|a 574
|x Obecná ekologie
|2 Konspekt
|9 2
|
| 080 |
|
|
|a 574.1
|2 MRF
|
| 080 |
|
|
|a (062.534)
|2 MRF
|
| 080 |
|
|
|a (048.3)
|2 MRF
|
| 111 |
2 |
|
|a Biodiverzita (konference)
|7 kn20070316007
|4 aut
|
| 245 |
1 |
0 |
|a Biodiverzita ... :
|b sborník z konference : ... ročník konference mladých vědeckých pracovníků ... /
|c Česká zemědělská univerzita v Praze, Fakulta lesnická a environmentální
|
| 246 |
3 |
|
|a Sborník z konference Biodiverzita ...
|
| 246 |
3 |
|
|a Sborník abstraktů z konference Biodiverzita
|
| 264 |
|
1 |
|a V Praze :
|b Česká zemědělská univerzita,
|c [2005]-
|
| 300 |
|
|
|a ^^^svazků ;
|c 21 cm
|
| 310 |
|
|
|a 1x ročně
|
| 336 |
|
|
|a text
|b txt
|2 rdacontent
|
| 337 |
|
|
|a bez média
|b n
|2 rdamedia
|
| 338 |
|
|
|a svazek
|b nc
|2 rdacarrier
|
| 362 |
1 |
|
|a 2005-
|
| 500 |
|
|
|a Součástí názvu je označení běžného roku, součástí podnázvu řadová číslovka a datum
|
| 500 |
|
|
|a Podnázev se mění
|
| 500 |
|
|
|a Od ročníku 2012 podnázev: sborník abstraktů z konference
|
| 500 |
|
|
|a Pořadatel od 12. ročníku: katedra ekologie, Fakulta životního prostředí, Česká zemědělská univerzita v Praze
|
| 500 |
|
|
|a Jednotlivé svazky mají ISBN
|
| 541 |
|
|
|c pv-r
|
| 541 |
|
|
|c pv-cdr
|
| 546 |
|
|
|a Částečně souběžný anglický text
|
| 588 |
|
|
|a Popsáno podle: 2(2006)
|5 CZ-PrNK
|
| 650 |
0 |
7 |
|a biodiverzita
|7 ph118885
|2 czenas
|
| 650 |
0 |
9 |
|a biodiversity
|2 eczenas
|
| 655 |
|
7 |
|a sborníky konferencí
|7 fd133333
|2 czenas
|
| 655 |
|
7 |
|a abstrakta
|7 fd131780
|2 czenas
|
| 655 |
|
9 |
|a proceedings of conferences
|2 eczenas
|
| 655 |
|
9 |
|a abstracts
|2 eczenas
|
| 710 |
2 |
|
|a Česká zemědělská univerzita v Praze.
|b Lesnická a environmentální fakulta
|7 ko2005275481
|4 orm
|
| 710 |
2 |
|
|a Česká zemědělská univerzita v Praze.
|b Katedra ekologie
|7 mzk2005280443
|4 orm
|
| 902 |
|
|
|a 80-213-1427-3
|q (2005 ;
|q brožováno)
|
| 902 |
|
|
|a 80-213-1594-6
|q (2006 ;
|q brožováno)
|
| 902 |
|
|
|a 978-80-213-1739-0
|q (3, 2007 ;
|q CD-ROM)
|
| 902 |
|
|
|a 978-80-213-2043-7
|q (4, 2010 ;
|q CD-ROM)
|
| 902 |
|
|
|a 978-80-213-2263-9
|q (2012 ;
|q brožováno)
|
| 902 |
|
|
|a 978-80-213-2445-9
|q (2014 ;
|q brožováno)
|
| 902 |
|
|
|a 978-80-213-2625-5
|q (2016 ;
|q brožováno)
|
| 910 |
|
|
|a BOA001
|b 2-1164.860
|b CDR-1184.808
|s 2006, 2012, 2014, 2016-
|
| 920 |
|
|
|a 000819622
|
| 990 |
|
|
|a SE
|
| 995 |
|
|
|a 01
|
| 996 |
6 |
|
|b 2610283284
|c 2-1164.860
|d 2006 1
|v 1
|y 2006
|l MZK
|r Sklad / do 1 hodiny
|n 1
|p p.v.
|w 000819622
|u 000010
|a 1
|e BOA001
|j MZK50
|s P
|
| 996 |
6 |
|
|b 2610302697
|c 2-1164.860
|d 2006 2
|v 2
|y 2006
|l MZK
|r Sklad / do 1 hodiny
|n 0
|p p.v.
|w 000819622
|u 000020
|a 1
|e BOA001
|j MZK50
|s P
|
| 996 |
3 |
|
|b 2610336479
|c CDR-1184.808
|d 2007 3
|v 3
|y 2007
|l Stud. periodik/2.patro
|r Sklad / do 1 hodiny
|n 0
|p cdr-p.v.
|w 000819622
|u 000030
|a 1
|e BOA001
|j MZK50
|s N
|
| 996 |
3 |
|
|b 2610434178
|c CDR-1184.808
|d 2010 4
|v 4
|y 2010
|l Stud. periodik/2.patro
|r Sklad / do 1 hodiny
|n 0
|p cdr-p.v.
|w 000819622
|u 000040
|a 1
|e BOA001
|j MZK50
|s N
|
| 996 |
6 |
|
|b 2610506939
|c 2-1164.860
|d 2012
|v 2012
|y 2012
|l MZK
|r Sklad / do 1 hodiny
|n 1
|p p.v.
|w 000819622
|u 000050
|a 1
|e BOA001
|j MZK50
|s P
|
| 996 |
6 |
|
|b 2610598341
|c 2-1164.860
|d 2014
|v 2014
|y 2014
|l MZK
|r Sklad / do 1 hodiny
|n 0
|p p.v.
|w 000819622
|u 000060
|a 1
|e BOA001
|j MZK50
|s P
|
| 996 |
6 |
|
|b 2610662161
|c 2-1164.860
|d 2016
|v 2016
|y 2016
|l MZK
|r Sklad / do 1 hodiny
|n 0
|p p.v.
|w 000819622
|u 000070
|a 1
|e BOA001
|j MZK50
|s P
|